[Event "XtraCon-Skakligaen"]
[Site "Denmark"]
[Date "2009.11.08"]
[Round "2.6"]
[White "Nohr, Finn"]
[Black "Jakobsen, Peter"]
[Result "1-0"]
[WhiteElo "2079"]
[BlackElo "2225"]
[PlyCount "76"]
[EventDate "2009.11.07"]
[EventType "team-tourn"]
[EventRounds "9"]
[WhiteTeam "Sydostfyn"]
[BlackTeam "Nordkalotten"]
[WhiteTeamCountry "DEN"]
[BlackTeamCountry "DEN"]

1. e4 c5 2. Nf3 d6 3. d4 cxd4 4. Nxd4 Nf6 5. Nc3 g6 6. g3 Nc6 7. Nde2 Bg7 8.
Bg2 O-O 9. O-O Rb8 10. a4 a6 11. h3 b5 12. axb5 axb5 13. Bg5 Nd7 14. Ra2 Re8
15. Qd2 Nde5 16. g4 b4 17. Nd5 Nc4 18. Qc1 Nb6 19. Be3 Nd7 20. Rd1 Bb7 21. Qd2
Nc5 22. b3 e6 23. Nxb4 Nxb4 24. Qxb4 Bd5 25. Qd2 Nxe4 26. Bxe4 Bxe4 27. Qxd6
Bf3 28. Kf1 Qc8 29. Qf4 Bb7 30. Qd6 Ra8 31. Rxa8 Qxa8 32. Kg1 Bf3 33. Re1 Rd8
34. Qf4 Bxe2 35. Rxe2 Rd1+ 36. Kh2 Qh1+ 37. Kg3 e5 38. Qc4 Qg1+ 1-0

[Event "XtraCon-Skakligaen"]
[Site "Denmark"]
[Date "2009.11.08"]
[Round "2.1"]
[White "Matthiesen, Arne"]
[Black "Aabling Thomsen, Jakob"]
[Result "1/2-1/2"]
[WhiteElo "2322"]
[BlackElo "2312"]
[PlyCount "110"]
[EventDate "2009.11.07"]
[EventType "team-tourn"]
[EventRounds "9"]
[WhiteTeam "SK1968"]
[BlackTeam "Norresundby"]
[WhiteTeamCountry "DEN"]
[BlackTeamCountry "DEN"]

1. d4 Nf6 2. Nf3 g6 3. c4 Bg7 4. g3 d5 5. cxd5 Nxd5 6. Bg2 Nb6 7. O-O Nc6 8. e3
e5 9. Nc3 exd4 10. exd4 O-O 11. Bg5 Qd7 12. Re1 h6 13. Be3 Rd8 14. Qe2 Qg4 15.
Rad1 Qh5 16. Ne5 Qxe2 17. Rxe2 Nb4 18. a3 N4d5 19. Nxd5 Nxd5 20. Bc1 c6 21. Bf3
Nc7 22. Ree1 Be6 23. h4 Bd5 24. Bg4 h5 25. Bh3 Nb5 26. Be3 Bb3 27. Rd3 Bxe5 28.
Rxb3 Bxd4 29. Bg5 Re8 30. Rxe8+ Rxe8 31. Kf1 Bb6 32. Rd3 Nd4 33. Bf6 Ne6 34. b4
Bd8 35. Bb2 Nf8 36. Bd4 Bb6 37. Bf6 Nh7 38. Bc3 Rd8 39. Rxd8+ Bxd8 40. Bc8 b6
41. Bb7 c5 42. bxc5 bxc5 43. Ke2 Be7 44. a4 Nf6 45. a5 Ne8 46. a6 Bd8 47. Be5
Kf8 48. Kd3 Ke7 49. Kc4 Bb6 50. Bf4 Nc7 51. Be3 Kd6 52. Bf4+ Kd7 53. Be3 Ne6
54. Bd5 Kd6 55. f4 Nd8 1/2-1/2

[Event "XtraCon-Skakligaen"]
[Site "Denmark"]
[Date "2009.11.08"]
[Round "2.3"]
[White "Lindfeldt, Jan Magnus"]
[Black "Sorensen, Bent"]
[Result "1/2-1/2"]
[WhiteElo "2237"]
[BlackElo "2240"]
[PlyCount "107"]
[EventDate "2009.11.07"]
[EventType "team-tourn"]
[EventRounds "9"]
[WhiteTeam "SK1968"]
[BlackTeam "Norresundby"]
[WhiteTeamCountry "DEN"]
[BlackTeamCountry "DEN"]

1. e4 e6 2. d4 d5 3. Nd2 c5 4. exd5 exd5 5. Ngf3 Nc6 6. Bb5 Bd6 7. dxc5 Bxc5 8.
O-O Nge7 9. Nb3 Bb6 10. Bg5 O-O 11. Qd2 a6 12. Bd3 f6 13. Bf4 Bg4 14. Be2 Re8
15. h3 Bh5 16. Rad1 Bf7 17. Bh2 Ng6 18. c3 Qd7 19. Nfd4 Nce5 20. Qc2 Rad8 21.
Kh1 Qa4 22. Nf5 Nf4 23. Bxf4 Qxf4 24. g3 Qa4 25. Nbd4 Qd7 26. Kh2 Bg6 27. Qb3
Bc7 28. Ne3 Bf7 29. a4 h5 30. Rfe1 h4 31. Nef5 hxg3+ 32. fxg3 Kh7 33. Qc2 g6
34. Nh4 Rh8 35. Ndf3 Kg8 36. Nxe5 Bxe5 37. Bg4 Qd6 38. Nxg6 Bxg3+ 39. Kh1 Rh6
40. Ne7+ Kf8 41. Nf5 Qf4 42. Rd4 Qf2 43. Qxf2 Bxf2 44. Nxh6 Bxe1 45. Kg2 Bg6
46. Nf5 Bxf5 47. Bxf5 Rd6 48. a5 b6 49. Be4 bxa5 50. Rxd5 Rb6 51. Rxa5 Rxb2+
52. Kf3 Bxc3 53. Rxa6 Ke7 54. Bf5 1/2-1/2

[Event "XtraCon-Skakligaen"]
[Site "Denmark"]
[Date "2009.11.08"]
[Round "2.4"]
[White "Kolbak, Jens"]
[Black "Bank, Pelle Rodkjaer"]
[Result "1-0"]
[WhiteElo "2344"]
[BlackElo "2261"]
[PlyCount "89"]
[EventDate "2009.11.07"]
[EventType "team-tourn"]
[EventRounds "9"]
[WhiteTeam "Norresundby"]
[BlackTeam "SK1968"]
[WhiteTeamCountry "DEN"]
[BlackTeamCountry "DEN"]

1. f4 d5 2. Nf3 Nf6 3. e3 c6 4. b3 Bg4 5. Bb2 Nbd7 6. Be2 e6 7. O-O Bd6 8. Ne5
Bxe2 9. Qxe2 O-O 10. c4 Qe7 11. d3 Rfd8 12. Nd2 Ba3 13. Ndf3 Bxb2 14. Qxb2 a5
15. Kh1 Qb4 16. Qc2 a4 17. Ng5 Nc5 18. cxd5 cxd5 19. bxa4 Rdc8 20. Ngxf7 Nxa4
21. Qf2 Rc7 22. Ng5 Nc5 23. h3 Qa3 24. Qe2 h6 25. Ngf3 Qa6 26. Nd4 Rac8 27. Kh2
Nfd7 28. Nxd7 Rxd7 29. Rad1 Ra8 30. Rd2 Re8 31. Nf3 Rc7 32. Ne5 Nd7 33. Nxd7
Rxd7 34. Rc1 Qd6 35. d4 Qf8 36. Qb5 Rf7 37. Rdc2 Ra8 38. a4 Qd6 39. Rc8+ Rf8
40. Qxb7 Rb8 41. Rxb8 Rxb8 42. Rc8+ Rxc8 43. Qxc8+ Kh7 44. Qc5 Qb8 45. Qc6 1-0

[Event "XtraCon-Skakligaen"]
[Site "Denmark"]
[Date "2009.11.08"]
[Round "2.5"]
[White "Hansen, Lars"]
[Black "Christiansen, Jens Jorgen"]
[Result "1/2-1/2"]
[WhiteElo "2209"]
[BlackElo "2197"]
[PlyCount "42"]
[EventDate "2009.11.07"]
[EventType "team-tourn"]
[EventRounds "9"]
[WhiteTeam "SK1968"]
[BlackTeam "Norresundby"]
[WhiteTeamCountry "DEN"]
[BlackTeamCountry "DEN"]

1. g3 d5 2. Bg2 Nf6 3. d3 e5 4. Nf3 Bd6 5. O-O c6 6. e4 O-O 7. exd5 Nxd5 8. Re1
Re8 9. Nbd2 Bc7 10. Ne4 Bg4 11. c4 Nb4 12. Qb3 a5 13. d4 exd4 14. a3 Bxf3 15.
Bxf3 N4a6 16. Bg5 Qc8 17. Rad1 Be5 18. c5 Nd7 19. Nd6 Bxd6 20. cxd6 Nac5 21.
Qc2 Ne6 1/2-1/2

[Event "XtraCon-Skakligaen"]
[Site "Denmark"]
[Date "2009.11.08"]
[Round "2.6"]
[White "Nielsen, John Bauneborg"]
[Black "Hansen, Bjarne"]
[Result "0-1"]
[WhiteElo "2171"]
[BlackElo "2248"]
[PlyCount "88"]
[EventDate "2009.11.07"]
[EventType "team-tourn"]
[EventRounds "9"]
[WhiteTeam "Norresundby"]
[BlackTeam "SK1968"]
[WhiteTeamCountry "DEN"]
[BlackTeamCountry "DEN"]

1. d4 Nf6 2. c4 c5 3. d5 b5 4. cxb5 a6 5. b6 d6 6. e4 Nbd7 7. Nc3 g6 8. f4 Bg7
9. Nf3 O-O 10. Be2 Nxb6 11. O-O Re8 12. Qc2 Bb7 13. Nd2 Qd7 14. Nc4 Nxc4 15.
Bxc4 Qc7 16. Qe2 e6 17. dxe6 fxe6 18. Bb3 d5 19. e5 Nd7 20. Bc2 Qb6 21. Kh1
Rab8 22. Bd2 a5 23. b3 Rbc8 24. Bd3 Bc6 25. a4 Bf8 26. h4 Re7 27. Rab1 Rg7 28.
Qe1 Ra8 29. Qe2 Qd8 30. Be1 Nb6 31. Rd1 Nc8 32. Kh2 Ne7 33. g4 Rb8 34. Nb5 d4
35. Be4 Nd5 36. Kh3 Qb6 37. f5 gxf5 38. gxf5 exf5 39. Rxf5 Ne3 40. Rf6 Bxe4 41.
Rxb6 Rxb6 42. Nxd4 cxd4 43. Rxd4 Bg2+ 44. Kh2 Nf1+ 0-1

[Event "XtraCon-Skakligaen"]
[Site "Denmark"]
[Date "2009.11.08"]
[Round "2.7"]
[White "Nielsen, Soren Holst"]
[Black "Nielsen, Tommy"]
[Result "1-0"]
[WhiteElo "2214"]
[BlackElo "2168"]
[PlyCount "103"]
[EventDate "2009.11.07"]
[EventType "team-tourn"]
[EventRounds "9"]
[WhiteTeam "SK1968"]
[BlackTeam "Norresundby"]
[WhiteTeamCountry "DEN"]
[BlackTeamCountry "DEN"]

1. e4 c6 2. d3 d5 3. Nd2 e5 4. Ngf3 Bd6 5. Be2 Ne7 6. O-O O-O 7. Re1 Ng6 8. c3
Nd7 9. Bf1 Nf6 10. Qc2 dxe4 11. dxe4 Bc5 12. Nb3 Bb6 13. c4 c5 14. Bg5 h6 15.
Rad1 Qe7 16. Bc1 Bg4 17. Rd3 Rad8 18. Nfd2 Nf4 19. Rxd8 Rxd8 20. Nb1 Ne6 21.
Be3 Nd4 22. Bxd4 cxd4 23. Qd2 Be6 24. Nc1 Rc8 25. b3 Nd7 26. Nd3 Nc5 27. Nxe5
Nxe4 28. Rxe4 Bf5 29. Re1 Qf6 30. Bd3 Be6 31. Qe2 Ba5 32. Rf1 Bc7 33. f4 g5 34.
f5 Bxe5 35. fxe6 Qxe6 36. Nd2 Re8 37. g3 Qd7 38. Qe4 Bg7 39. Qh7+ Kf8 40. Ne4
Re5 41. Nf6 Bxf6 42. Rxf6 Re1+ 43. Kf2 Ra1 44. Qxh6+ Ke8 45. Qh8+ Ke7 46. Qg7
Rxa2+ 47. Kf3 g4+ 48. Ke4 Qe8 49. Rf5 Qc6+ 50. Rd5 Ra1 51. Qe5+ Kf8 52. Qd6+
1-0

[Event "XtraCon-Skakligaen"]
[Site "Denmark"]
[Date "2009.11.08"]
[Round "2.1"]
[White "Rasmussen, Karsten"]
[Black "Pedersen, Daniel V"]
[Result "1/2-1/2"]
[WhiteElo "2429"]
[BlackElo "2303"]
[PlyCount "83"]
[EventDate "2009.11.07"]
[EventType "team-tourn"]
[EventRounds "9"]
[WhiteTeam "Aarhus/skolerne"]
[BlackTeam "Aalborg"]
[WhiteTeamCountry "DEN"]
[BlackTeamCountry "DEN"]

1. d4 d5 2. c4 e6 3. Nc3 Be7 4. cxd5 exd5 5. Bf4 Nf6 6. e3 O-O 7. Bd3 c5 8. Nf3
Nc6 9. O-O Bg4 10. dxc5 Bxc5 11. h3 Bxf3 12. Qxf3 d4 13. Ne4 Be7 14. Rad1 Qb6
15. Ng3 Qxb2 16. Nf5 dxe3 17. Bh6 exf2+ 18. Kh1 gxh6 19. Qg3+ Ng4 20. Qxg4+ Kh8
21. Rxf2 Qf6 22. Qe4 Bc5 23. Re2 Rad8 24. Nd6 Qg6 25. Nxb7 Qxe4 26. Rxe4 Rd5
27. Rde1 Bb6 28. Bc4 Rd2 29. a4 Rb8 30. Ba6 Rg8 31. R4e2 Rxe2 32. Bxe2 Nd4 33.
Bc4 Nf5 34. g4 Ne3 35. Bxf7 Rf8 36. Nd6 Kg7 37. Be6 Kf6 38. Bc8 Kg5 39. Nf5
Nxf5 40. Bxf5 Rd8 41. Re4 Rd4 42. Rxd4 1/2-1/2

[Event "XtraCon-Skakligaen"]
[Site "Denmark"]
[Date "2009.11.08"]
[Round "2.2"]
[White "Hjorth, Torben"]
[Black "Sorensen, Jan"]
[Result "1-0"]
[WhiteElo "2165"]
[BlackElo "2423"]
[PlyCount "101"]
[EventDate "2009.11.07"]
[EventType "team-tourn"]
[EventRounds "9"]
[WhiteTeam "Aalborg"]
[BlackTeam "Aarhus/skolerne"]
[WhiteTeamCountry "DEN"]
[BlackTeamCountry "DEN"]

1. f4 Nf6 2. Nf3 g6 3. b3 Bg7 4. Bb2 O-O 5. e3 d5 6. Be2 c5 7. O-O b6 8. Ne5
Ne8 9. Bf3 Bb7 10. c4 f6 11. Nd3 Qd7 12. Bxd5+ Bxd5 13. cxd5 Qxd5 14. Qe2 Nc6
15. Nc3 Qd7 16. Rad1 Rd8 17. Ne1 f5 18. Nf3 Nd6 19. d4 Qb7 20. dxc5 bxc5 21.
Ng5 Qc8 22. Nd5 Bxb2 23. Qxb2 h6 24. Nf3 Qe6 25. Ne5 Nxe5 26. Qxe5 Kf7 27. Rd3
Qxe5 28. fxe5 Nb7 29. Rfd1 Ke6 30. Nf4+ Kxe5 31. Nxg6+ Ke4 32. Rd7 Rxd7 33.
Rxd7 Rb8 34. Nxe7 Nd8 35. Rxa7 h5 36. Kf2 Rb6 37. Rd7 Ne6 38. Nd5 Ra6 39. a4
Ke5 40. h4 c4 41. bxc4 Rxa4 42. Nb6 Ra6 43. Rd5+ Ke4 44. Nd7 Ra2+ 45. Kg3 f4+
46. exf4 Ra3+ 47. Kh2 Nxf4 48. Nf6+ Ke3 49. Re5+ Kd3 50. Nxh5 Ng6 51. Rg5 1-0

[Event "XtraCon-Skakligaen"]
[Site "Denmark"]
[Date "2009.11.08"]
[Round "2.4"]
[White "Nielsen, Finn Winther"]
[Black "Christensen, Tobias"]
[Result "0-1"]
[WhiteElo "2028"]
[BlackElo "2352"]
[PlyCount "104"]
[EventDate "2009.11.07"]
[EventType "team-tourn"]
[EventRounds "9"]
[WhiteTeam "Aalborg"]
[BlackTeam "Aarhus/skolerne"]
[WhiteTeamCountry "DEN"]
[BlackTeamCountry "DEN"]

1. d4 g6 2. e4 c6 3. Nc3 b5 4. a3 Bg7 5. Be3 d6 6. Nge2 Nd7 7. Ng3 Bb7 8. Be2
h5 9. h4 a6 10. f4 Nh6 11. f5 Nf6 12. fxg6 fxg6 13. Qd2 Nhg4 14. Bg5 Qd7 15.
Bd3 e5 16. dxe5 Nxe5 17. O-O-O Nh7 18. Bf4 O-O 19. Be2 Rae8 20. Kb1 Re6 21. Be3
Qe7 22. Nf1 Re8 23. Bd4 Qf8 24. Be3 Nf6 25. Ng3 Neg4 26. Bxg4 Nxg4 27. Rhf1 Qe7
28. Bg5 Qc7 29. Nge2 Bxc3 30. Nxc3 Qg7 31. Rf4 Ne5 32. Rdf1 a5 33. R4f2 b4 34.
axb4 axb4 35. Ne2 Ng4 36. Rf4 Ba6 37. Nd4 Rxe4 38. Rd1 c5 39. Nf3 R4e6 40. Ng1
Ne5 41. Rf2 Bc4 42. b3 Ra8 43. Bh6 Qa7 44. Rf8+ Rxf8 45. Bxf8 Kxf8 46. bxc4 Rf6
47. Qd5 Qf7 48. Qa8+ Kg7 49. Nh3 Rf1 50. Rxf1 Qxf1+ 51. Kb2 Nxc4+ 52. Kb3 Nd2+
0-1

[Event "XtraCon-Skakligaen"]
[Site "Denmark"]
[Date "2009.11.08"]
[Round "2.6"]
[White "Hansen, John Nyholm"]
[Black "Pedersen, Finn"]
[Result "1/2-1/2"]
[WhiteElo "2089"]
[BlackElo "2334"]
[PlyCount "156"]
[EventDate "2009.11.07"]
[EventType "team-tourn"]
[EventRounds "9"]
[WhiteTeam "Aalborg"]
[BlackTeam "Aarhus/skolerne"]
[WhiteTeamCountry "DEN"]
[BlackTeamCountry "DEN"]

1. e4 c6 2. d4 d5 3. Nc3 dxe4 4. Nxe4 Nd7 5. Nf3 Ndf6 6. Nxf6+ Nxf6 7. Bd3 Bg4
8. c3 e6 9. h3 Bh5 10. Bf4 Qd5 11. Be2 Qe4 12. Be3 Nd5 13. Qd2 Nxe3 14. Qxe3
Qxe3 15. fxe3 Bd6 16. Kf2 f6 17. c4 Ke7 18. c5 Bc7 19. b4 Be8 20. a4 a6 21. Nd2
e5 22. Nf3 e4 23. Nd2 f5 24. h4 Rf8 25. g3 Bf7 26. Nb1 b6 27. cxb6 Bxb6 28. Rc1
Rfc8 29. a5 Bc7 30. Nc3 Rcb8 31. Rab1 Bd6 32. Na4 Rxb4 33. Rxb4 Bxb4 34. Rxc6
Be8 35. Rb6 Bxa5 36. Rb7+ Kf6 37. Nc5 Bc6 38. Rb1 Bd8 39. Nxa6 g5 40. hxg5+
Kxg5 41. Rb2 Bd5 42. Rb8 Rxb8 43. Nxb8 h5 44. Na6 h4 45. gxh4+ Kxh4 46. Nb4 Bf7
47. Nc6 Bc7 48. Ne7 Kg5 49. Bd1 Kf6 50. Nc6 Bd5 51. Nb4 Bc4 52. Be2 Bb3 53. Bd1
Bf7 54. Ba4 Kg5 55. Bd1 Kh4 56. Kg2 Ba5 57. Nc6 Bd2 58. Kf2 f4 59. exf4 e3+ 60.
Kf1 Kg3 61. Ne5 Bd5 62. f5 Bc3 63. f6 Bxd4 64. f7 Bc5 65. Ke2 Bb7 66. Bc2 Ba6+
67. Bd3 Bxd3+ 68. Nxd3 Ba3 69. Kxe3 Kg4 70. Ke4 Kg5 71. Ke5 Kg6 72. Ke6 Kg7 73.
Ne5 Bb4 74. Nc6 Ba3 75. Ne7 Bb4 76. Nf5+ Kg6 77. Nd6 Bxd6 78. Kxd6 Kxf7 1/2-1/2

[Event "XtraCon-Skakligaen"]
[Site "Denmark"]
[Date "2009.11.08"]
[Round "2.7"]
[White "Andersen, Jackie"]
[Black "Sonderstrup, Bjarne"]
[Result "1-0"]
[WhiteElo "2274"]
[BlackElo "2094"]
[PlyCount "85"]
[EventDate "2009.11.07"]
[EventType "team-tourn"]
[EventRounds "9"]
[WhiteTeam "Aarhus/skolerne"]
[BlackTeam "Aalborg"]
[WhiteTeamCountry "DEN"]
[BlackTeamCountry "DEN"]

1. d4 Nf6 2. Nf3 b6 3. c4 Bb7 4. Nc3 e6 5. a3 Be7 6. d5 O-O 7. e4 exd5 8. cxd5
d6 9. Bd3 c6 10. dxc6 Bxc6 11. O-O Nbd7 12. Nd4 Bb7 13. Re1 Re8 14. Nf5 Bf8 15.
Bg5 Nc5 16. Bb5 Re5 17. Bf4 Nfxe4 18. Bxe5 dxe5 19. Nxe4 Nxe4 20. Ng3 Nxg3 21.
hxg3 Qf6 22. b4 Rd8 23. Qe2 e4 24. Rad1 Bd6 25. Ba6 Ba8 26. Qd2 h5 27. Qd4 Qg6
28. Qe3 Qf6 29. Rd4 h4 30. Red1 hxg3 31. fxg3 Be7 32. Rxd8+ Bxd8 33. Qd4 Qxd4+
34. Rxd4 Bf6 35. Rd7 Bc6 36. Rxa7 Bd4+ 37. Kf1 f6 38. Bc4+ Kh7 39. Re7 e3 40.
b5 Ba8 41. a4 Kh6 42. Rd7 Bc5 43. Bd5 1-0

[Event "XtraCon-Skakligaen"]
[Site "Denmark"]
[Date "2009.11.08"]
[Round "2.8"]
[White "Kovshoj, Sune"]
[Black "Rewitz, Poul"]
[Result "0-1"]
[WhiteElo "2037"]
[BlackElo "2298"]
[PlyCount "108"]
[EventDate "2009.11.07"]
[EventType "team-tourn"]
[EventRounds "9"]
[WhiteTeam "Aalborg"]
[BlackTeam "Aarhus/skolerne"]
[WhiteTeamCountry "DEN"]
[BlackTeamCountry "DEN"]

1. e4 c6 2. d4 d5 3. Nc3 b5 4. a3 dxe4 5. Nxe4 Bf5 6. Ng3 Bg6 7. Nf3 Nd7 8. Be3
e6 9. Bd3 Ngf6 10. O-O Bd6 11. Rc1 a6 12. Re1 O-O 13. Bxg6 hxg6 14. Bg5 Qb8 15.
c3 Nd5 16. Qc2 Rc8 17. Re4 Nf8 18. Bd2 c5 19. Qb1 c4 20. Ree1 a5 21. Ne4 Be7
22. Qa2 f6 23. g3 g5 24. h3 Rc6 25. Kg2 Qb7 26. b3 cxb3 27. Qxb3 a4 28. Qb2 Rb8
29. Re2 Qa6 30. Be1 Nd7 31. Rec2 Rcc8 32. Qa2 N7b6 33. Ned2 Qa8 34. c4 bxc4 35.
Nxc4 Nxc4 36. Rxc4 Rxc4 37. Rxc4 Rb3 38. Qe2 Kf7 39. Kh2 Bxa3 40. Nd2 Rb2 41.
Qh5+ Kg8 42. Qf3 Bb4 43. Qe4 Kf7 44. Rc2 Rxc2 45. Qxc2 a3 46. Qa2 Qa6 47. Nf3
Bxe1 48. Nxe1 Nb4 49. Qa1 a2 50. Kg2 Qa4 51. h4 gxh4 52. gxh4 Nc2 53. Nxc2 Qxc2
54. h5 Qb1 0-1

[Event "XtraCon-Skakligaen"]
[Site "Denmark"]
[Date "2009.11.08"]
[Round "2.1"]
[White "Antonsen, Mikkel"]
[Black "Hillarp Persson, Tiger"]
[Result "0-1"]
[WhiteElo "2439"]
[BlackElo "2576"]
[PlyCount "106"]
[EventDate "2009.11.07"]
[EventType "team-tourn"]
[EventRounds "9"]
[WhiteTeam "Naestved"]
[BlackTeam "Bronshoj"]
[WhiteTeamCountry "DEN"]
[BlackTeamCountry "DEN"]

1. d4 d6 2. c4 e5 3. dxe5 dxe5 4. Qxd8+ Kxd8 5. Nc3 Be6 6. Nf3 f6 7. e3 Nd7 8.
Bd2 c6 9. Rg1 h5 10. O-O-O Kc7 11. Ne4 a5 12. Bc3 Nh6 13. Be2 Nf7 14. h4 Be7
15. b3 Nh6 16. Rd2 Ng4 17. Rgd1 Nc5 18. Nxc5 Bxc5 19. Bf1 Ba3+ 20. Kb1 Bf5+ 21.
Ka1 Bb4 22. Bxb4 axb4 23. Ng1 g6 24. Kb2 c5 25. Nh3 Nh6 26. Ng1 Rhd8 27. Bd3
Bxd3 28. Rxd3 Rxd3 29. Rxd3 Ng4 30. Nh3 Kc6 31. e4 f5 32. exf5 gxf5 33. Rd2 Nf6
34. f3 e4 35. Ng5 Re8 36. fxe4 fxe4 37. Re2 e3 38. Nh3 Re4 39. g3 Ng4 40. Nf4
Re5 41. Kc2 b5 42. Nd3 Rf5 43. cxb5+ Kxb5 44. Nf4 c4 45. bxc4+ Kxc4 46. Kd1
Nf2+ 47. Kc2 Re5 48. Re1 Ng4 49. Kd1 Ra5 50. Re2 Nf2+ 51. Ke1 Nd3+ 52. Kd1 Nxf4
53. gxf4 b3 0-1

[Event "XtraCon-Skakligaen"]
[Site "Denmark"]
[Date "2009.11.08"]
[Round "2.2"]
[White "Bromann, Thorbjorn"]
[Black "Jorgensen, Brian Jorgen"]
[Result "1-0"]
[WhiteElo "2434"]
[BlackElo "2267"]
[PlyCount "89"]
[EventDate "2009.11.07"]
[EventType "team-tourn"]
[EventRounds "9"]
[WhiteTeam "Bronshoj"]
[BlackTeam "Naestved"]
[WhiteTeamCountry "DEN"]
[BlackTeamCountry "DEN"]

1. e4 e6 2. d4 d5 3. Nc3 Nf6 4. e5 Nfd7 5. Nf3 c5 6. dxc5 Bxc5 7. Bd3 Nc6 8.
Bf4 a6 9. Qe2 b5 10. O-O Be7 11. a3 g5 12. Bg3 h5 13. h3 Qb6 14. Rfe1 Nc5 15.
Qd2 Nxd3 16. cxd3 Nd4 17. Nxd4 Qxd4 18. b4 Qb6 19. d4 h4 20. Bh2 Rg8 21. f3 Bd7
22. Kf1 a5 23. Rab1 axb4 24. axb4 Rc8 25. Bg1 Rc4 26. Nd1 Qa7 27. Ne3 Rc6 28.
Ra1 Ra6 29. Rxa6 Qxa6 30. Qb2 Kf8 31. Ra1 Qb6 32. Ng4 Kg7 33. Be3 Rc8 34. Qd2
Kg6 35. Kg1 Qc6 36. Qd3+ Kg7 37. Rc1 Qb6 38. Rc5 Qd8 39. Qd2 Kg6 40. f4 f5 41.
exf6 Bxf6 42. fxg5 Bg7 43. Qd3+ Kf7 44. Qh7 Kf8 45. Nh6 1-0

[Event "XtraCon-Skakligaen"]
[Site "Denmark"]
[Date "2009.11.08"]
[Round "2.3"]
[White "Olsen, Nils Linde"]
[Black "Hoi, Carsten"]
[Result "0-1"]
[WhiteElo "2256"]
[BlackElo "2393"]
[PlyCount "78"]
[EventDate "2009.11.07"]
[EventType "team-tourn"]
[EventRounds "9"]
[WhiteTeam "Naestved"]
[BlackTeam "Bronshoj"]
[WhiteTeamCountry "DEN"]
[BlackTeamCountry "DEN"]

1. d4 g6 2. c4 Bg7 3. Nc3 d6 4. e4 e5 5. Be3 exd4 6. Bxd4 Nf6 7. Be2 Nc6 8. Be3
O-O 9. Nf3 Re8 10. Nd2 Nd7 11. Rc1 Nc5 12. O-O Nd4 13. Bg4 f5 14. exf5 Nxf5 15.
Bxc5 dxc5 16. Nb3 Qxd1 17. Bxd1 b6 18. Nd5 Be5 19. f4 c6 20. fxe5 cxd5 21. Bf3
Bb7 22. Rfe1 Rad8 23. Nd2 dxc4 24. Nxc4 Bxf3 25. gxf3 Kf7 26. a4 Ke6 27. Rcd1
Nd4 28. Kf2 Rf8 29. Rd3 g5 30. Re4 h5 31. b4 g4 32. f4 Kf5 33. Nd2 Nf3 34. Rxd8
Rxd8 35. Nxf3 Kxe4 36. Ng5+ Kf5 37. bxc5 bxc5 38. Ke3 c4 39. Ne4 Rd3+ 0-1

[Event "XtraCon-Skakligaen"]
[Site "Denmark"]
[Date "2009.11.08"]
[Round "2.4"]
[White "Pilgaard, Kim"]
[Black "Hansen, Evgenia Peicheva"]
[Result "1-0"]
[WhiteElo "2435"]
[BlackElo "2164"]
[PlyCount "45"]
[EventDate "2009.11.07"]
[EventType "team-tourn"]
[EventRounds "9"]
[WhiteTeam "Bronshoj"]
[BlackTeam "Naestved"]
[WhiteTeamCountry "DEN"]
[BlackTeamCountry "DEN"]

1. e4 d6 2. Nc3 Nf6 3. f4 e5 4. Nf3 Bg4 5. Bc4 Nbd7 6. d3 c6 7. h3 Bxf3 8. Qxf3
b5 9. Bb3 Nc5 10. O-O Be7 11. Be3 Nxb3 12. axb3 a5 13. fxe5 dxe5 14. Qg3 Qd6
15. d4 b4 16. dxe5 Qc7 17. Ne2 Nh5 18. Qf3 Qxe5 19. Qxf7+ Kd7 20. Rad1+ Kc7 21.
Nf4 Qxe4 22. Rfe1 Rhf8 23. Ne6+ 1-0

[Event "XtraCon-Skakligaen"]
[Site "Denmark"]
[Date "2009.11.08"]
[Round "2.6"]
[White "Brinck Claussen, Bjorn"]
[Black "Hansen, Martin"]
[Result "1-0"]
[WhiteElo "2300"]
[BlackElo "2082"]
[PlyCount "97"]
[EventDate "2009.11.07"]
[EventType "team-tourn"]
[EventRounds "9"]
[WhiteTeam "Bronshoj"]
[BlackTeam "Naestved"]
[WhiteTeamCountry "DEN"]
[BlackTeamCountry "DEN"]

1. e4 e5 2. Nf3 Nc6 3. Bb5 a6 4. Ba4 Nf6 5. O-O Be7 6. Re1 b5 7. Bb3 d6 8. c3
O-O 9. h3 Na5 10. Bc2 c5 11. d4 Qc7 12. Nbd2 cxd4 13. cxd4 Nc6 14. Nb3 a5 15.
Be3 a4 16. Nbd2 Be6 17. a3 Na5 18. Rc1 Qb8 19. Bd3 b4 20. axb4 Qxb4 21. dxe5
dxe5 22. Nxe5 Qxb2 23. Nec4 Nxc4 24. Nxc4 Qb3 25. Qe2 Rfd8 26. Nb6 Rab8 27. Bc2
Qb4 28. Rb1 Bb3 29. Nd5 Nxd5 30. exd5 Bf8 31. Qf3 Bxc2 32. Rxb4 Bxb4 33. Rc1
Bb3 34. Qg4 Bxd5 35. Ba7 Be6 36. Qh4 Bd2 37. Bxb8 g5 38. Qxa4 Bxc1 39. Be5 h6
40. Kh2 Rc8 41. Ba1 Rd8 42. Qa7 Bf4+ 43. g3 Bd6 44. Qb6 Be7 45. Qc7 Kf8 46. Qe5
Ke8 47. Qh8+ Kd7 48. Qxh6 Rc8 49. Bf6 1-0

[Event "XtraCon-Skakligaen"]
[Site "Denmark"]
[Date "2009.11.08"]
[Round "2.7"]
[White "Haar, Bjarne"]
[Black "Palm, Nikolaj"]
[Result "0-1"]
[WhiteElo "2060"]
[BlackElo "2276"]
[PlyCount "48"]
[EventDate "2009.11.07"]
[EventType "team-tourn"]
[EventRounds "9"]
[WhiteTeam "Naestved"]
[BlackTeam "Bronshoj"]
[WhiteTeamCountry "DEN"]
[BlackTeamCountry "DEN"]

1. d4 d5 2. Nf3 e6 3. Bg5 f6 4. Bh4 c5 5. e3 Nc6 6. c3 Nge7 7. Bd3 Ng6 8. Bg3
f5 9. h4 c4 10. Bc2 Bd6 11. Bxd6 Qxd6 12. Ba4 O-O 13. Bxc6 bxc6 14. h5 Nh8 15.
Ne5 Nf7 16. Nxf7 Rxf7 17. Nd2 f4 18. exf4 Qxf4 19. Qe2 c5 20. Nf3 cxd4 21. cxd4
Rb8 22. Rb1 Qg4 23. Rh2 Rfb7 24. Qd2 Qe4+ 0-1

[Event "XtraCon-Skakligaen"]
[Site "Denmark"]
[Date "2009.12.06"]
[Round "3.2"]
[White "Matthiesen, Martin"]
[Black "Glud, Jakob Vang"]
[Result "0-1"]
[WhiteElo "2295"]
[BlackElo "2481"]
[PlyCount "82"]
[EventDate "2009.11.07"]
[EventType "team-tourn"]
[EventRounds "9"]
[WhiteTeam "SK1968"]
[BlackTeam "Jetsmark"]
[WhiteTeamCountry "DEN"]
[BlackTeamCountry "DEN"]

1. d4 d5 2. c4 c6 3. Nf3 Nf6 4. e3 Bg4 5. Qb3 Qc7 6. Ne5 e6 7. Nxg4 Nxg4 8. g3
h5 9. h3 Nf6 10. Nc3 Bd6 11. Bd2 Nbd7 12. Rc1 a6 13. cxd5 exd5 14. Qd1 Nf8 15.
Bg2 Qe7 16. Qe2 Ne6 17. Kd1 Bb4 18. Kc2 h4 19. g4 c5 20. Kb1 Bxc3 21. Bxc3 Nf4
22. Qf1 Nxg2 23. Qxg2 c4 24. f3 O-O 25. e4 dxe4 26. g5 Nh5 27. fxe4 Ng3 28.
Rhg1 b5 29. e5 Qxg5 30. Ka1 a5 31. Bd2 Qh5 32. Bf4 Nf5 33. Qc6 Nxd4 34. Qf6 g6
35. Rg5 Qh8 36. Qb6 Ne2 37. Rf1 Rad8 38. Qe3 Nd4 39. Qe4 Ne6 40. Rg4 Rd4 41.
Qe3 Rfd8 0-1

[Event "XtraCon-Skakligaen"]
[Site "Denmark"]
[Date "2009.12.06"]
[Round "3.3"]
[White "Pedersen, Christian Kyndel"]
[Black "Hansen, Lars"]
[Result "0-1"]
[WhiteElo "2452"]
[BlackElo "2209"]
[PlyCount "72"]
[EventDate "2009.11.07"]
[EventType "team-tourn"]
[EventRounds "9"]
[WhiteTeam "Jetsmark"]
[BlackTeam "SK1968"]
[WhiteTeamCountry "DEN"]
[BlackTeamCountry "DEN"]

1. e4 g6 2. d4 Bg7 3. Nc3 c6 4. f4 d5 5. e5 Nh6 6. Nf3 f6 7. Bd3 O-O 8. O-O Bg4
9. Be3 fxe5 10. dxe5 e6 11. Na4 Nd7 12. h3 Bxf3 13. Rxf3 Qe7 14. Qe1 Nf5 15.
Bf2 g5 16. g3 gxf4 17. gxf4 Kh8 18. Kh1 Rf7 19. Nc3 Nf8 20. Ne2 Ng6 21. Qc3 Bf8
22. Bg1 c5 23. b3 b6 24. Qe1 Qb7 25. Bxf5 Rxf5 26. Qg3 d4 27. Raf1 Bh6 28. Kh2
Raf8 29. R3f2 Qe4 30. Qg4 Bxf4+ 31. Nxf4 Nxf4 32. Rf3 Qxe5 33. Kh1 Ng6 34. Bh2
Qd5 35. Kg2 Rxf3 36. Rxf3 Rxf3 0-1